[Event "CZE-ch U12"]
[Site "Harrachov"]
[Date "2024.11.02"]
[Round "9"]
[White "Sromek, Sebastian"]
[Black "Litos, Ondrej"]
[Result "1/2-1/2"]
[WhiteElo "1429"]
[BlackElo "1537"]
[PlyCount "39"]
[EventDate "2024.10.26"]
[EventType "swiss"]
[EventRounds "9"]
[EventCountry "CZE"]
[SourceTitle "CB45_2024"]
[Source "ChessBase"]
[SourceDate "2024.11.06"]
[SourceVersion "1"]
[SourceVersionDate "2024.11.06"]
[SourceQuality "1"]

1. e4 e5 2. Nf3 Nc6 3. Bc4 Bc5 4. c3 Nf6 5. d3 d6 6. Bb3 Be6 7. Nbd2 Qd7 8. Nc4 Bxc4 9. Bxc4 Na5 10. Bb3 Nxb3 11. Qxb3 Bb6 12. Bg5 h6 13. Bxf6 gxf6 14. a4 a5 15. Qb5 Rg8 16. Qxd7+ Kxd7 17. g3 Bc5 18. Ke2 Ra6 19. Rab1 c6 20. Nd2 1/2-1/2

[Event "CZE-ch U12"]
[Site "Harrachov"]
[Date "2024.10.29"]
[Round "5"]
[White "Zebisch, Jan1"]
[Black "Litos, Ondrej"]
[Result "1/2-1/2"]
[WhiteElo "1625"]
[BlackElo "1537"]
[PlyCount "71"]
[EventDate "2024.10.26"]
[EventType "swiss"]
[EventRounds "9"]
[EventCountry "CZE"]
[SourceTitle "CB45_2024"]
[Source "ChessBase"]
[SourceDate "2024.11.06"]
[SourceVersion "1"]
[SourceVersionDate "2024.11.06"]
[SourceQuality "1"]

1. e4 e5 2. Nf3 Nc6 3. Nc3 Nf6 4. Bc4 Bc5 5. d3 d6 6. 0-0 0-0 7. Bg5 h6 8. Be3 Bb6 9. h3 Na5 10. Bb3 Nxb3 11. axb3 Be6 12. Qd2 c6 13. d4 exd4 14. Nxd4 d5 15. Nxe6 fxe6 16. exd5 exd5 17. Bd4 Bc7 18. Rfe1 a6 19. Re6 Qd7 20. Qe2 Rae8 21. Rxe8 Rxe8 22. Qf3 Qe7 23. Kf1 Ne4 24. Nxe4 Qxe4 25. Qxe4 Rxe4 26. c3 g6 27. f3 Re6 28. Re1 Kf7 29. g4 Bf4 30. Rxe6 Kxe6 31. Ke2 b5 32. Kd3 Kd6 33. c4 Be5 34. cxb5 Bxd4 35. Kxd4 c5+ 36. Ke3 1/2-1/2

[Event "CZE-ch U12"]
[Site "Harrachov"]
[Date "2024.10.27"]
[Round "2"]
[White "Litos, Ondrej"]
[Black "Havlik, David"]
[Result "0-1"]
[WhiteElo "1537"]
[BlackElo "1702"]
[PlyCount "48"]
[EventDate "2024.10.26"]
[EventType "swiss"]
[EventRounds "9"]
[EventCountry "CZE"]
[SourceTitle "CB45_2024"]
[Source "ChessBase"]
[SourceDate "2024.11.06"]
[SourceVersion "1"]
[SourceVersionDate "2024.11.06"]
[SourceQuality "1"]

1. e4 c5 2. Nf3 e6 3. c4 Nc6 4. d4 cxd4 5. Nxd4 Bc5 6. Be3 Qb6 7. Nc2 Bxe3 8. Nxe3 Qxb2 9. Nd2 Nf6 10. Bd3 0-0 11. 0-0 Qb6 12. Rb1 Qc7 13. f4 d6 14. g4 Nd7 15. f5 Nce5 16. Be2 Nc5 17. f6 gxf6 18. Rxf6 Qe7 19. Qf1 Ncd7 20. Rh6 Qg5 21. Qh3 Nf6 22. Rf1 Ng6 23. Rxf6 Qxf6 24. Rxh7 Nf4 0-1